Thành phần loài cây thuốc hai lá mầm ở ven bờ sông Sài Gòn qua khảo sát tại thị xã Thuận An, tỉnh Bình Dương
Đã lưu trong:
| Príomhúdar: | |
|---|---|
| Formáid: | Leabhar |
| Teanga: | Undetermined |
| Ábhair: | |
| Rochtain Ar Líne: | http://lrc.tdmu.edu.vn/opac/search/detail.asp?aID=2&ID=26992 |
| Clibeanna: |
Cuir Clib Leis
Gan Chlibeanna, Bí ar an gcéad duine leis an taifead seo a chlibeáil!
|
| Thư viện lưu trữ: | Trung tâm Học liệu Trường Đại học Thủ Dầu Một |
|---|
| LEADER | 00709nam a2200145Ia 4500 | ||
|---|---|---|---|
| 001 | TDMU_26992 | ||
| 008 | 210410s9999 xx 000 0 und d | ||
| 082 | |a 551.41 | ||
| 100 | |a Trần, Thanh Hùng | ||
| 245 | 0 | |a Thành phần loài cây thuốc hai lá mầm ở ven bờ sông Sài Gòn qua khảo sát tại thị xã Thuận An, tỉnh Bình Dương | |
| 245 | 0 | |c Trần Thanh Hùng | |
| 300 | |a Tr.24-29 | ||
| 650 | |a Thực vật hai lá mầm |x Cây thuốc; Khảo sát; Cây thuốc hai lá mầm; Bình Dương | ||
| 856 | |u http://lrc.tdmu.edu.vn/opac/search/detail.asp?aID=2&ID=26992 | ||
| 980 | |a Trung tâm Học liệu Trường Đại học Thủ Dầu Một | ||